<?xml version="1.0" encoding="UTF-8"?>
<record
    xmlns:xsi="http://www.w3.org/2001/XMLSchema-instance"
    xsi:schemaLocation="http://www.loc.gov/MARC21/slim http://www.loc.gov/standards/marcxml/schema/MARC21slim.xsd"
    xmlns="http://www.loc.gov/MARC21/slim">

  <leader>00277nam a22001097a 4500</leader>
  <datafield tag="040" ind1=" " ind2=" ">
    <subfield code="c">SK</subfield>
  </datafield>
  <datafield tag="082" ind1=" " ind2=" ">
    <subfield code="a">338</subfield>
  </datafield>
  <datafield tag="100" ind1=" " ind2=" ">
    <subfield code="a">&#x179F;&#x179A; &#x179F;&#x17B6;&#x179A;&#x17BB;&#x1793;</subfield>
  </datafield>
  <datafield tag="245" ind1=" " ind2=" ">
    <subfield code="a">&#x17A2;&#x1792;&#x17B7;&#x1794;&#x17D2;&#x1794;&#x17B6;&#x1799;&#x1791;&#x179F;&#x17D2;&#x179F;&#x1793;&#x17C8;&#x179C;&#x17B7;&#x1787;&#x17D2;&#x1787;&#x17B6;</subfield>
  </datafield>
  <datafield tag="260" ind1=" " ind2=" ">
    <subfield code="a">RUA</subfield>
    <subfield code="b">&#x179F;&#x179A; &#x179F;&#x17B6;&#x179A;&#x17BB;&#x1793;</subfield>
    <subfield code="c">1974</subfield>
  </datafield>
  <datafield tag="942" ind1=" " ind2=" ">
    <subfield code="c">KB</subfield>
  </datafield>
  <datafield tag="999" ind1=" " ind2=" ">
    <subfield code="c">8421</subfield>
    <subfield code="d">8421</subfield>
  </datafield>
  <datafield tag="952" ind1=" " ind2=" ">
    <subfield code="0">0</subfield>
    <subfield code="1">0</subfield>
    <subfield code="4">0</subfield>
    <subfield code="6">338_000000000000000_&#x179F;&#x179A;_1974_C197</subfield>
    <subfield code="7">0</subfield>
    <subfield code="9">48246</subfield>
    <subfield code="a">LBC</subfield>
    <subfield code="b">LBC</subfield>
    <subfield code="c">C197</subfield>
    <subfield code="d">2016-07-27</subfield>
    <subfield code="o">338 &#x179F;&#x179A; 1974 C197</subfield>
    <subfield code="p">RUA034821</subfield>
    <subfield code="r">2016-07-27</subfield>
    <subfield code="y">KB</subfield>
  </datafield>
  <datafield tag="952" ind1=" " ind2=" ">
    <subfield code="0">0</subfield>
    <subfield code="1">0</subfield>
    <subfield code="4">0</subfield>
    <subfield code="6">338_000000000000000_&#x179F;&#x179A;_1974_C072</subfield>
    <subfield code="7">0</subfield>
    <subfield code="9">48247</subfield>
    <subfield code="a">LBC</subfield>
    <subfield code="b">LBC</subfield>
    <subfield code="c">C072</subfield>
    <subfield code="d">2016-07-27</subfield>
    <subfield code="o">338 &#x179F;&#x179A; 1974 C072</subfield>
    <subfield code="p">RUA034830</subfield>
    <subfield code="r">2016-07-27</subfield>
    <subfield code="y">KB</subfield>
  </datafield>
  <datafield tag="952" ind1=" " ind2=" ">
    <subfield code="0">0</subfield>
    <subfield code="1">0</subfield>
    <subfield code="4">0</subfield>
    <subfield code="6">338_000000000000000_&#x179F;&#x179A;_1974_C197</subfield>
    <subfield code="7">0</subfield>
    <subfield code="9">48249</subfield>
    <subfield code="a">LBC</subfield>
    <subfield code="b">LBC</subfield>
    <subfield code="c">C197</subfield>
    <subfield code="d">2016-07-27</subfield>
    <subfield code="o">338 &#x179F;&#x179A; 1974 C197</subfield>
    <subfield code="p">RUA036497</subfield>
    <subfield code="r">2016-07-27</subfield>
    <subfield code="y">KB</subfield>
  </datafield>
  <datafield tag="952" ind1=" " ind2=" ">
    <subfield code="0">0</subfield>
    <subfield code="1">0</subfield>
    <subfield code="4">0</subfield>
    <subfield code="6">338_000000000000000_&#x179F;&#x179A;_1974_C197</subfield>
    <subfield code="7">0</subfield>
    <subfield code="9">48250</subfield>
    <subfield code="a">LBC</subfield>
    <subfield code="b">LBC</subfield>
    <subfield code="c">C197</subfield>
    <subfield code="d">2016-07-27</subfield>
    <subfield code="l">1</subfield>
    <subfield code="o">338 &#x179F;&#x179A; 1974 C197</subfield>
    <subfield code="p">RUA036617</subfield>
    <subfield code="r">2017-01-17</subfield>
    <subfield code="s">2017-01-13</subfield>
    <subfield code="y">KB</subfield>
  </datafield>
  <datafield tag="952" ind1=" " ind2=" ">
    <subfield code="0">0</subfield>
    <subfield code="1">0</subfield>
    <subfield code="4">0</subfield>
    <subfield code="6">338_000000000000000_&#x179F;&#x179A;_1974_C197</subfield>
    <subfield code="7">0</subfield>
    <subfield code="9">48251</subfield>
    <subfield code="a">LBC</subfield>
    <subfield code="b">LBC</subfield>
    <subfield code="c">C197</subfield>
    <subfield code="d">2016-07-27</subfield>
    <subfield code="l">2</subfield>
    <subfield code="o">338 &#x179F;&#x179A; 1974 C197</subfield>
    <subfield code="p">RUA036326</subfield>
    <subfield code="r">2021-09-03</subfield>
    <subfield code="s">2017-02-09</subfield>
    <subfield code="y">KB</subfield>
  </datafield>
  <datafield tag="952" ind1=" " ind2=" ">
    <subfield code="0">0</subfield>
    <subfield code="1">0</subfield>
    <subfield code="4">0</subfield>
    <subfield code="6">338_000000000000000_&#x179F;&#x179A;_1974C197</subfield>
    <subfield code="7">0</subfield>
    <subfield code="9">48252</subfield>
    <subfield code="a">LBC</subfield>
    <subfield code="b">LBC</subfield>
    <subfield code="c">C197</subfield>
    <subfield code="d">2016-07-27</subfield>
    <subfield code="o">338 &#x179F;&#x179A; 1974`C197</subfield>
    <subfield code="p">RUA034938</subfield>
    <subfield code="r">2016-07-27</subfield>
    <subfield code="y">KB</subfield>
  </datafield>
  <datafield tag="952" ind1=" " ind2=" ">
    <subfield code="0">0</subfield>
    <subfield code="1">0</subfield>
    <subfield code="4">0</subfield>
    <subfield code="6">338_000000000000000_&#x179F;&#x179A;_1974_C197</subfield>
    <subfield code="7">0</subfield>
    <subfield code="9">48254</subfield>
    <subfield code="a">LBC</subfield>
    <subfield code="b">LBC</subfield>
    <subfield code="c">C197</subfield>
    <subfield code="d">2016-07-27</subfield>
    <subfield code="o">338 &#x179F;&#x179A; 1974 C197</subfield>
    <subfield code="p">RUA034878</subfield>
    <subfield code="r">2016-07-27</subfield>
    <subfield code="y">KB</subfield>
  </datafield>
  <datafield tag="952" ind1=" " ind2=" ">
    <subfield code="0">0</subfield>
    <subfield code="1">0</subfield>
    <subfield code="4">0</subfield>
    <subfield code="6">338_000000000000000_&#x179F;&#x179A;_1974_C072</subfield>
    <subfield code="7">0</subfield>
    <subfield code="9">48255</subfield>
    <subfield code="a">LBC</subfield>
    <subfield code="b">LBC</subfield>
    <subfield code="c">C072</subfield>
    <subfield code="d">2016-07-27</subfield>
    <subfield code="o">338 &#x179F;&#x179A; 1974 C072</subfield>
    <subfield code="p">RUA035345</subfield>
    <subfield code="r">2016-07-27</subfield>
    <subfield code="y">KB</subfield>
  </datafield>
  <datafield tag="952" ind1=" " ind2=" ">
    <subfield code="0">0</subfield>
    <subfield code="1">0</subfield>
    <subfield code="4">0</subfield>
    <subfield code="6">338_000000000000000_&#x179F;&#x179A;_1974_C197</subfield>
    <subfield code="7">0</subfield>
    <subfield code="9">48256</subfield>
    <subfield code="a">LBC</subfield>
    <subfield code="b">LBC</subfield>
    <subfield code="c">C197</subfield>
    <subfield code="d">2016-07-27</subfield>
    <subfield code="o">338 &#x179F;&#x179A; 1974 C197</subfield>
    <subfield code="p">RUA035405</subfield>
    <subfield code="r">2016-07-27</subfield>
    <subfield code="y">KB</subfield>
  </datafield>
  <datafield tag="952" ind1=" " ind2=" ">
    <subfield code="0">0</subfield>
    <subfield code="1">0</subfield>
    <subfield code="4">0</subfield>
    <subfield code="6">338_000000000000000_&#x179F;&#x179A;_1974_C197</subfield>
    <subfield code="7">0</subfield>
    <subfield code="9">48257</subfield>
    <subfield code="a">LBC</subfield>
    <subfield code="b">LBC</subfield>
    <subfield code="c">C197</subfield>
    <subfield code="d">2016-07-27</subfield>
    <subfield code="o">338 &#x179F;&#x179A; 1974 C197</subfield>
    <subfield code="p">RUA034889</subfield>
    <subfield code="r">2016-07-27</subfield>
    <subfield code="y">KB</subfield>
  </datafield>
</record>
